| 000 | 01216nam a2200337 c 4500 | ||
|---|---|---|---|
| 700 |
_aБанева, Евелина Борисова _d1954- _eпрев. _9368071 |
||
| 999 |
_c33154 _d33154 |
||
| 003 | BLK | ||
| 005 | 20240119005221.0 | ||
| 008 | 180408b bul|||||r ||||||| ||bul|| | ||
| 010 | _aKNG00035842000 | ||
| 020 | _a954-742-029-1 | ||
| 040 | _aBLK | ||
| 041 |
_aBUL _cBUL |
||
| 080 |
_aАмериканска литература (на САЩ) _b821.111(73) _x-91-293.7 _z821.111(73)-91-293.7 |
||
| 080 |
_aКиноизкуство. Кинофилми _b791.43 _x-92(73) _z791.43-92(73) |
||
| 100 | 1 |
_aУолдрън, Робърт _eпърви автор _9132957 |
|
| 139 |
_aУолдрън, Робърт _bУ 69 |
||
| 245 | 1 | 0 |
_aДързост и красота _cРобърт Уолдрън; прев. Евелина Борисова Банева. |
| 257 | _aUSA | ||
| 260 |
_bСлънце _c2001 _fСофия : Инвестпрес |
||
| 300 |
_a432 с., 24 с. _bил. _c20 см |
||
| 380 | _aX | ||
| 852 | _aЦб 208408 | ||
| 856 | 4 | _qpdf | |
| 856 | 4 | _qpdf | |
| 942 |
_cKNG _n0 _s1 _03 |
||
| 944 |
_aCR _c15.01.2003 _k _lCRON CRON |
||
| 944 |
_aED _c11.02.2004 |
||
| 999 | _d33154 | ||
| 999 | _d33154 | ||